000 00307nam a2200121Ia 4500
005 20260328101510.0
008 260328s9999||||xx |||||||||||||| ||und||
100 _aAlazard, Jules
245 0 _aDans l'oeuvre de Le Corbusier /
_cJules Alazard
260 _bRedigee Avec
650 _aCorbusier, Le
942 _cBK
999 _c9161
_d9161